000 007290000a22002050004500
001 768714001
003 CO-MdFUSB
005 20161220124345.0
008 161220s2003 cr ||||| |||| 00| 0 spa d
022 _a1019-6366
040 _aCO-MdFUSB
_bspa
_cCO-MdFUSB
_dCO-MdFUSB
041 _aspa
100 1 _aPixley, Jorge V.
_eautor
245 1 0 _a¿Qué es el fundamentalismo?
300 _aVolumen. 23, Número 1 (Mayo, 2003), Páginas 13-22
_c22 cm.
520 _aYa es usanza común tildar de fundamentalistas a los grupos mas dispares de distintas partes del mundo.
653 _aFundamentalismo
773 0 _tVida y pensamiento
_049445
_960218
_gVolumen. 23, Número 1 (Mayo, 2003), Páginas 13-22
_qPáginas 13
942 _cANA
999 _c53231
_d53231